| 000 | 00511cam a2200217ua 4500 | ||
|---|---|---|---|
| 020 | _c40.00 | ||
| 041 |
_aeng _h |
||
| 082 |
_a631.5871 _bKAM/IR |
||
| 100 | _aKamala, A. | ||
| 245 |
_aIrrigation engineering / _cA Kamala. _hTextual Documents |
||
| 250 |
_a2 / _b. |
||
| 260 |
_aPoona : _bUnited book corporationq , _c1995. |
||
| 300 | _a257 ; . | ||
| 365 | _a40.00 | ||
| 504 | _a | ||
| 942 | _cBK | ||
| 999 |
_c2611 _d2611 |
||